000 00619nam a2200217Ia 4500
003 OSt
005 20220928144600.0
006 a|||||r|||| 00| 0
007 ta
008 220927b |||||||| |||| 00| 0 eng d
024 _a72220
037 _cTextual
040 _aSDCL
_cSDCL
_beng
041 _2eng
_aeng
082 _aY73(Q7).43'N7, M0
100 _aDale Stephen Frederic
_9508528
245 0 _aMappiles society Malabar 1498-1922
_b Islamic society on the South Asian frontier.
260 _c1980
942 _hY73(Q7).43'N7, M0
_cTEXL
_2CC
999 _c828276
_d828276